000
00347nam a2200145Ia 4500
008
230605s1994 xx 000 0 und d
041
_a
eng
100
_a
Peter Jones
245
_a
Managing Project in hospitality Operations
260
_b
Cassell
_c
1994
300
_a
264p
520
_a
Hard Board
520
_a
Reference Copy
650
_a
Hos.
999
_c
420075
_d
420075